| 000 | 00363nam a2200145Ia 4500 | ||
|---|---|---|---|
| 008 | 240624s9999 xx 000 0 und d | ||
| 041 | _aeng | ||
| 082 | _a519.62 HAU | ||
| 100 | _aHAUPT RANDY L | ||
| 245 | _aPRACTICAL GENETIC ALGORITHMS | ||
| 250 | _a(2nd ed.) | ||
| 260 |
_c2004 _aNew Jersy _bJohn Wiley |
||
| 300 | _axvii, : 272 : p. : cm. ; 23 | ||
| 365 |
_c _b25 |
||
| 999 |
_c4418 _d4418 |
||